000 00667 a2200217 4500
999 _c7822
_d7822
020 _a075063863X
050 _aHG4026 WEA 1998
100 _aWeaver, Margaret
_eauthor
245 _aResources management /
_cMargaret Weaver
264 _aOxford :
_bButterworth / Heinemann,
_cc1998
300 _axiv, 221p. :
_bill.
440 _aTeam leader development series.
500 _aIncludes index
650 _aBusiness enterprises
_xFinance
650 _aAsset-liability management
650 _aCorporations
_xFinance
650 _aManagerial accounting
650 _aCash management
650 _aInformation resources management
942 _2lcc
_cBK
_h4026
_iWEA
_kHG